| 000 | 03849nam0a2200397 4500 | ||
|---|---|---|---|
| 001 | RU\NLR\BIBL_A\016211726 | ||
| 005 | 20230125124732.0 | ||
| 010 |
_a978-5-6048079-1-0 _91000 |
||
| 021 |
_aRU _bКН-П-22-070923 _9КН-П-22-6178 |
||
| 035 | _a(NLR Aleph) 016211726 | ||
| 035 | _a(RuMoRGB)011289575 | ||
| 090 |
_a12709370 _c12709370 |
||
| 100 | _a20221118d2022 u y0rusy50 ca | ||
| 101 | 0 | _arus | |
| 102 | _aRU | ||
| 105 | _aa j 000zy | ||
| 181 | 0 |
_ai3 _baxxe |
|
| 182 | 0 | _an | |
| 200 | 1 |
_aКисты почек _eучебно-методическое пособие _eдля врачей общей практики, врачей-хирургов, нефрологов, урологов, аспирантов и ординаторов, обучающихся по специальности "урология", студентов медицинских вузов старших курсов _fВ. А. Малхасян, С. О. Сухих, М. А. Васильева, К. Б. Колонтарев _gФедеральное государственное бюджетное образовательное учреждение высшего образования "Московский государственный медико-стоматологический университет имени А. И. Евдокимова" Министерство здравоохранения Российской Федерации, Кафедра урологии |
|
| 203 |
_aТекст _bвизуальный _cнепосредственный |
||
| 210 |
_aМосква _cАБВ-пресс _d2022 |
||
| 215 |
_a45 с. _cцв. ил., табл. _d21 |
||
| 300 | _aНа обороте тит. составители: Малхасян В. А., д-р мед. наук, проф., Сухих С. О., канд. мед. наук, врач-уролог, Васильева М. А., канд. мед. наук, Колонтарев К. Б., д-р мед. наук, проф. | ||
| 320 | _aБиблиогр.: с. 38-45 (99 назв.) | ||
| 330 | _aУчебно-методическое пособие посвящено этиологии, патогенезу, диагностике и влиянию кист почек на функции организма, а также показаниям и методам лечения кист почек. В пособии представлен актуальный клинический материал, полученный на кафедре урологии ФГБОУ ВО "МГМСУ им. А. И. Евдокимова" под руководством доктора медицинских наук, академика РАН Д. Ю. Пушкаря. Учебно-методическое пособие предназначено для врачей общей практики, врачей- хирургов, нефрологов, урологов, аспирантов и ординаторов, обучающихся по специальности "урология", студентов медицинских вузов старших курсов | ||
| 606 | 1 |
_aПочки _jУчебно-методические пособия _xКисты _91352273 _3RU\NLR\AUTH\66564848 |
|
| 675 |
_a616.61-006 _v4 |
||
| 686 | 1 | _aР696.540.50я7 | |
| 701 | 1 |
_aМалхасян _bВ. А. _gВиген Андреевич |
|
| 701 | 1 |
_aСухих _bС. О. _gСергей Олегович |
|
| 701 | 1 |
_aВасильева _bМ. А. _cканд. мед. наук, ультразвуковая диагностика _gМария Александровна _9251019 _3RU\NLR\AUTH\770251075 |
|
| 701 | 1 |
_aКолонтарев _bК. Б. _gКонстантин Борисович |
|
| 942 | _cBOOK | ||
| 980 | _aNB | ||